Perención de la instancia

Bewaard in:
Bibliografische gegevens
Hoofdauteur: Parry, Adolfo E. (autor)
Formaat: Boek
Taal:Spaans
Gepubliceerd in: Buenos Aires, Argentina Omeba 1964
Editie:Tercera edición
Onderwerpen:
Tags: Voeg label toe
Geen labels, Wees de eerste die dit record labelt!

MARC

LEADER 00000nam a2200000 a 4500
001 UCS0761
003 CL-VaPUC
005 20230317104422.0
008 970426e19640000AG |||||||||||||||||spa|d
999 |c 258976  |d 258974 
040 |c Pontificia Universidad Católica de Valparaíso 
082 0 4 |a 347.05 PAR 1964  |2 21 
100 |a Parry, Adolfo E.  |e autor  |9 384616 
245 1 0 |a Perención de la instancia 
250 |a Tercera edición 
260 0 3 |a Buenos Aires, Argentina  |b Omeba  |c 1964 
300 |a 735 páginas 
583 |a last modification  |c 19970426 00:00:00  |k Rodrigo Vera 
650 0 |a Abandono del procedimiento  |9 384617 
650 7 |a INSTANCIA  |2 CL-VaPUC  |9 384618 
650 0 |a Procedimiento civil  |9 254870 
942 |c BK  |2 ddc 
945 |d 19970426 00:00:00  |a lriquelm 
952 |0 0  |1 0  |2 ddc  |4 0  |6 347_050000000000000_PAR_1964  |7 0  |8 A  |9 283427  |a BIBDER  |b BIBDER  |d 2019-11-19  |i 1835971  |o 347.05 PAR 1964  |p 1835971  |r 2023-01-25  |t 1  |w 2019-11-19  |y BK  |k DER